MARC details
| 000 -LEADER |
| fixed length control field |
00957nam a2200253Ia 4500 |
| 003 - CONTROL NUMBER IDENTIFIER |
| control field |
IN-BaIIA |
| 008 - FIXED-LENGTH DATA ELEMENTS--GENERAL INFORMATION |
| fixed length control field |
211028s9999 xx 000 0 eng d |
| 020 ## - INTERNATIONAL STANDARD BOOK NUMBER |
| International Standard Book Number |
1-56396-809-6 |
| 040 ## - CATALOGING SOURCE |
| Transcribing agency |
IIA Library |
| 080 ## - UNIVERSAL DECIMAL CLASSIFICATION NUMBER |
| Universal Decimal Classification number |
533(082.1) |
| Item number |
PHY |
| 111 ## - MAIN ENTRY--MEETING NAME |
| Meeting name or jurisdiction name as entry element |
workshop on Physics of Dusty Plasmas |
| Number of part/section/meeting |
7th |
| Location of meeting |
Colorado |
| Date of meeting or treaty signing |
1998 Apr. |
| 9 (RLIN) |
22733 |
| 245 #0 - TITLE STATEMENT |
| Title |
Physics of dusty plasmas |
| Remainder of title |
proceedings of the seventh workshop held in Boulder, Colorado, April 1998 |
| Statement of responsibility, etc. |
edited by M. Horanyi, S. Robertson and B. Walch |
| 260 ## - PUBLICATION, DISTRIBUTION, ETC. |
| Place of publication, distribution, etc. |
New York |
| Name of publisher, distributor, etc. |
American Institute of Physics |
| Date of publication, distribution, etc. |
1998 |
| 300 ## - PHYSICAL DESCRIPTION |
| Extent |
viii, 330p. |
| 490 ## - SERIES STATEMENT |
| Series statement |
AIP conference proceedings; v. 446 |
| 650 ## - SUBJECT ADDED ENTRY--TOPICAL TERM |
| Topical term or geographic name entry element |
Dusty plasmas |
| 9 (RLIN) |
22734 |
| 650 ## - SUBJECT ADDED ENTRY--TOPICAL TERM |
| Topical term or geographic name entry element |
Plasma physics |
| 9 (RLIN) |
3732 |
| 650 ## - SUBJECT ADDED ENTRY--TOPICAL TERM |
| Topical term or geographic name entry element |
Plasmas |
| 9 (RLIN) |
1898 |
| 700 ## - ADDED ENTRY--PERSONAL NAME |
| Personal name |
Horanyi, M., ed. |
| 9 (RLIN) |
22735 |
| 700 ## - ADDED ENTRY--PERSONAL NAME |
| Personal name |
Robertson, S., ed. |
| 9 (RLIN) |
22736 |
| 700 ## - ADDED ENTRY--PERSONAL NAME |
| Personal name |
Walch, B., ed. |
| 9 (RLIN) |
22737 |
| 710 ## - ADDED ENTRY--CORPORATE NAME |
| Corporate name or jurisdiction name as entry element |
American Institute of Physics |
| 9 (RLIN) |
2416 |
| 942 ## - ADDED ENTRY ELEMENTS (KOHA) |
| Koha item type |
Books |